| 000 | 00872nam a2200181Ia 4500 | ||
|---|---|---|---|
| 003 | GCL | ||
| 005 | 20240530095255.0 | ||
| 008 | 140319s9999 xx 000 0 ara d | ||
| 040 |
_aGCL / _cGCL |
||
| 082 | 0 | 4 |
_a923.1 _bق/م م |
| 100 | 1 | _aمركز الاهرام للتنظيم وتكنولوجيا المعلومات | |
| 245 | 1 | 0 |
_aملف انجازات السيد الرئيس محمد حسنى مبارك : _bفى الفترة من 5اكتوبر 2001إلى 30اكتوبر 2001 / _cمركز الاهرام للتنظيم وتكنولوجيا المعلومات |
| 260 |
_aالقاهرة : _bمركز الاهرام للتنظيم وتكنولوجيا المعلومات ، _c2003 |
||
| 300 |
_a236 ص ؛ _c40 سم |
||
| 650 | 0 | 4 | _aرؤساء الجمهورية - تراجم |
| 650 | 0 | 4 | _aمحمد حسنى مبارك - مقالات ومحاضرات |
| 942 |
_2ddc _cBK |
||
| 999 |
_c5691 _d5691 |
||